000 00897nam a22002777a 4500
001 BR9601122
003 BR-BrBNA
005 20230928095103.0
007 ta
008 230509b bl.||||| |||| 00| 0 por d
040 _aBR-BrBNA
_bpor
_cBiblioteca Nacional de Agricultura
041 _a(Por)
072 _aL01
_b7110
090 _ 7110 BR9601122
100 1 _aSampaio, A.B.
100 1 _aLell, C.(Coords.)
111 1 _a10. Simposio Estadual de Apicultura do Parana7. Exposicao de Equipamentos e Materiais Apicolas
_cPrudentopolis, PR (Brazil)
_d14-16 Jul 1995
245 1 _aAnais do 10. Simposio Estadual de Apicultura do Parana e 7. Exposicao de Equipamentos e Materiais Apicolas
260 3 _aCuritiba, PR (Brasil):
_bChampagnat,
_c1995.
300 _a143 p.
650 _aAbelha
650 _aApiario
650 _aManejo
909 _a202309
_bLucia
_c55
_dLucia Elande
942 _cBK
999 _c54448
_d54448